Occasional Paper- 8: Celebrating the centenary of the award and hand over of the Nobel prize to Rabindranath Tagore (Record no. 141)
[ view plain ]
| 000 -LEADER | |
|---|---|
| fixed length control field | 00456nam a2200145Ia 4500 |
| 003 - CONTROL NUMBER IDENTIFIER | |
| control field | OSt |
| 005 - DATE AND TIME OF LATEST TRANSACTION | |
| control field | 20240404125827.0 |
| 008 - FIXED-LENGTH DATA ELEMENTS--GENERAL INFORMATION | |
| fixed length control field | 230125s9999 xx 000 0 und d |
| 082 ## - DEWEY DECIMAL CLASSIFICATION NUMBER | |
| Classification number | 891.4414 |
| Item number | MUKO |
| 100 ## - MAIN ENTRY--PERSONAL NAME | |
| Personal name | Mukhopadhyay, Tapati &Majumder, Uma, eds. |
| 245 #0 - TITLE STATEMENT | |
| Title | Occasional Paper- 8: Celebrating the centenary of the award and hand over of the Nobel prize to Rabindranath Tagore |
| 260 ## - PUBLICATION, DISTRIBUTION, ETC. | |
| Name of publisher, distributor, etc. | Raj Bhavan |
| Date of publication, distribution, etc. | 2014 |
| Place of publication, distribution, etc. | Kolkata |
| 300 ## - PHYSICAL DESCRIPTION | |
| Extent | 28p |
| 942 ## - ADDED ENTRY ELEMENTS (KOHA) | |
| Koha item type | Book |
| Source of classification or shelving scheme | Dewey Decimal Classification |
| Withdrawn status | Lost status | Source of classification or shelving scheme | Damaged status | Not for loan | Collection code | Home library | Current library | Shelving location | Date acquired | Full call number | Barcode | Date last seen | Price effective from | Koha item type | Public note |
|---|---|---|---|---|---|---|---|---|---|---|---|---|---|---|---|
| Dewey Decimal Classification | Non-fiction | RIC Library | RIC Library | General Stacks | 01/25/2023 | 891.4414 MUKO | 000140 | 01/25/2023 | 01/25/2023 | Book | R-13.1 |
